000 01055nam a2200265Ia 4500
003 OSt
005 20220923224217.0
006 a|||||r|||| 00| 0
007 ta
008 220922b |||||||| |||| 00| 0 hin d
024 _a228,998
037 _cTextual
040 _aARTS
_cARTS
_bhin
041 _2hin
_ahin
082 _aO15,1N30,1:g, 152P6
100 _aअग्रवाल, वीना
_9156275
245 0 _aश्री मत्प्रतापराणायनम् महाकाव्यका साहित्यिक अध्ययन
246 _aShrī matpratāparāṇāyanam hinākāvyakā sāhityik adhyayana
260 _aआगरा
_b बॉंके बिहारी प्रकाशन
_c2006
300 _a251पृ.
_ccm.
500 _aauthor of the Srimatprataparananayanam hinakavya is Agoti Parishit Sharma
650 _aसंस्कृत साहित्य
942 _hO15,1N30,1:g, 152P6
_cTEXL
_2CC
999 _c370015
_d370015